Corporate financial management / (Record no. 345023)
[ view plain ]
| 000 -LEADER | |
|---|---|
| fixed length control field | 01433 a2200253 4500 |
| 003 - CONTROL NUMBER IDENTIFIER | |
| control field | OSt |
| 005 - DATE AND TIME OF LATEST TRANSACTION | |
| control field | 20180116182730.0 |
| 008 - FIXED-LENGTH DATA ELEMENTS--GENERAL INFORMATION | |
| fixed length control field | 160906b xxu||||| |||| 00| 0 eng d |
| 020 ## - INTERNATIONAL STANDARD BOOK NUMBER | |
| International Standard Book Number | 0134335333 |
| 020 ## - INTERNATIONAL STANDARD BOOK NUMBER | |
| International Standard Book Number | 9780134335339 |
| 040 ## - CATALOGING SOURCE | |
| Transcribing agency | 0 |
| 082 04 - DEWEY DECIMAL CLASSIFICATION NUMBER | |
| Classification number | 658.15 EME 1997 |
| 100 1# - MAIN ENTRY--PERSONAL NAME | |
| Personal name | Emery, Douglas R. |
| 245 10 - TITLE STATEMENT | |
| Title | Corporate financial management / |
| Statement of responsibility, etc. | Douglas R. Emery. |
| 260 ## - PUBLICATION, DISTRIBUTION, ETC. | |
| Place of publication, distribution, etc. | NJ : |
| Name of publisher, distributor, etc. | Prentice Hall, |
| Date of publication, distribution, etc. | 1997. |
| 300 ## - PHYSICAL DESCRIPTION | |
| Extent | 999 p. ; |
| Dimensions | 26 cm. |
| Other physical details | HB. |
| 440 ## - SERIES STATEMENT/ADDED ENTRY--TITLE | |
| Title | Corporate financial management |
| 500 ## - GENERAL NOTE | |
| General note | Hardcover. |
| 520 ## - SUMMARY, ETC. | |
| Summary, etc. | MBA and intermediate undergraduate-level corporate finance or financial management courses. This book, from the former editors of FMA's Journal of Financial Management, is the first to integrate the major developments made in finance in the last twenty years, such as principal-agent considerations, asymmetric information considerations, and contingent claims analysis. The format parallels that of competitors, but the new material is woven into, and enriches, the traditional presentations. This is also the first corporate finance textbook to truly marry practice with theory, by having a full-time practitioner author. |
| 700 1# - ADDED ENTRY--PERSONAL NAME | |
| Personal name | Finnerty, John D. |
| 856 40 - ELECTRONIC LOCATION AND ACCESS | |
| Materials specified | Amazon.com |
| Uniform Resource Identifier | <a href="http://www.amazon.com/exec/obidos/ASIN/0134335333/chopaconline-20">http://www.amazon.com/exec/obidos/ASIN/0134335333/chopaconline-20</a> |
| 856 40 - ELECTRONIC LOCATION AND ACCESS | |
| Materials specified | Amazon customer reviews |
| Uniform Resource Identifier | <a href="http://www.chopac.org/cgi-bin/tools/azrev.pl?q=0134335333">http://www.chopac.org/cgi-bin/tools/azrev.pl?q=0134335333</a> |
| 942 ## - ADDED ENTRY ELEMENTS (KOHA) | |
| Institution code [OBSOLETE] | NBS |
| Koha item type | Book |
| Call number prefix | 658.15 EME 1997 |
| Source of classification or shelving scheme | |
| Withdrawn status | Lost status | Damaged status | Not for loan | Permanent Location | Current Location | Date acquired | Total Checkouts | Full call number | Barcode | Date last seen | Price effective from | Koha item type | Source of classification or shelving scheme | Collection code | Shelving location |
|---|---|---|---|---|---|---|---|---|---|---|---|---|---|---|---|
| Central Library (CL) | Central Library (CL) | 08/28/2013 | 658.15 EME | NBS4002 | 08/28/2013 | 08/28/2013 | Book | ||||||||
| Central Library (CL) | Central Library (CL) | 09/06/2016 | 658.15 EME 1997 | NBSD-2790 | 09/06/2016 | 09/06/2016 | Book | General Stacks |
